000 00561nam a2200169Ia 4500
008 090201s9999 xx 000 0 und d
010 _aKPL-33053
040 _bमराठी
041 _aमराठी
082 _a40313
_b33053
100 _aना सी फडके
245 _aअमृतातेही पैजा जिंके
_cना सी फडके
260 _c2004
_bसरीता प्रकाशन
300 _a207
_bमोठा
600 _aअमृतातेही पैजा जिंके
942 _cBOOK
999 _c237575
_d237575